Metal Fatigue in Engineering / (Record no. 16302)
[ view plain ]
| 000 -LEADER | |
|---|---|
| fixed length control field | 01568cam a22003374a 4500 |
| 001 - CONTROL NUMBER | |
| control field | 11928079 |
| 005 - DATE AND TIME OF LATEST TRANSACTION | |
| control field | 20040621181258.0 |
| 008 - FIXED-LENGTH DATA ELEMENTS--GENERAL INFORMATION | |
| fixed length control field | 000302s2001 nyua b 001 0 eng |
| 010 ## - LIBRARY OF CONGRESS CONTROL NUMBER | |
| LC control number | 00028972 |
| 020 ## - INTERNATIONAL STANDARD BOOK NUMBER | |
| International Standard Book Number | 0471510599 (cloth : alk. paper) |
| 020 ## - INTERNATIONAL STANDARD BOOK NUMBER | |
| International Standard Book Number | 9780471510598 (cloth : alk. paper) |
| 040 ## - CATALOGING SOURCE | |
| Original cataloging agency | DLC |
| Transcribing agency | DLC |
| Modifying agency | DLC |
| 042 ## - AUTHENTICATION CODE | |
| Authentication code | pcc |
| 050 00 - LIBRARY OF CONGRESS CALL NUMBER | |
| Classification number | TA460 |
| Item number | .M4437 2001 |
| 082 00 - DEWEY DECIMAL CLASSIFICATION NUMBER | |
| Classification number | 620.166 |
| Edition number | 22 |
| Item number | MET |
| 245 00 - TITLE STATEMENT | |
| Title | Metal Fatigue in Engineering / |
| Statement of responsibility, etc | by Ralph I. Stephens ... [et al.]. |
| 250 ## - EDITION STATEMENT | |
| Edition statement | 2nd ed. |
| 260 ## - PUBLICATION, DISTRIBUTION, ETC. (IMPRINT) | |
| Place of publication, distribution, etc | New York : |
| Name of publisher, distributor, etc | Wiley, |
| Date of publication, distribution, etc | c2001. |
| 300 ## - PHYSICAL DESCRIPTION | |
| Extent | xxi, 472 p. : |
| Other physical details | ill. ; |
| Dimensions | 24 cm. |
| 504 ## - BIBLIOGRAPHY, ETC. NOTE | |
| Bibliography, etc | Includes bibliographical references and indexes. |
| 650 #0 - SUBJECT ADDED ENTRY--TOPICAL TERM | |
| Topical term or geographic name as entry element | Metals |
| General subdivision | Fatigue. |
| 9 (RLIN) | 28018 |
| 653 ## - INDEX TERM--UNCONTROLLED | |
| Resource For college | |
| Arrived date list | December2011 |
| 700 1# - ADDED ENTRY--PERSONAL NAME | |
| Personal name | Stephens, R. I. |
| Fuller form of name | (Ralph Ivan) |
| 9 (RLIN) | 28019 |
| 700 1# - ADDED ENTRY--PERSONAL NAME | |
| Personal name | Fuchs, H. O. |
| Fuller form of name | (Henry Otten), |
| Dates associated with a name | 1907- |
| Title of a work | Metal fatigue in engineering. |
| 9 (RLIN) | 28020 |
| 856 42 - ELECTRONIC LOCATION AND ACCESS | |
| Materials specified | Contributor biographical information |
| Uniform Resource Identifier | <a href="http://www.loc.gov/catdir/bios/wiley042/00028972.html">http://www.loc.gov/catdir/bios/wiley042/00028972.html</a> |
| 856 42 - ELECTRONIC LOCATION AND ACCESS | |
| Materials specified | Publisher description |
| Uniform Resource Identifier | <a href="http://www.loc.gov/catdir/description/wiley034/00028972.html">http://www.loc.gov/catdir/description/wiley034/00028972.html</a> |
| 856 4# - ELECTRONIC LOCATION AND ACCESS | |
| Materials specified | Table of Contents |
| Uniform Resource Identifier | <a href="http://www.loc.gov/catdir/toc/onix06/00028972.html">http://www.loc.gov/catdir/toc/onix06/00028972.html</a> |
| 942 ## - ADDED ENTRY ELEMENTS (KOHA) | |
| Source of classification or shelving scheme | Dewey Decimal Classification |
| Item type | Book - Borrowing |
| Withdrawn status | Item status | Source of classification or shelving scheme | Damaged status | Not for loan | Vendor | Home library | Current library | Shelving location | Date acquired | Source of acquisition | Total Checkouts | Full call number | Barcode | Date last seen | Date last borrowed | Koha item type |
|---|---|---|---|---|---|---|---|---|---|---|---|---|---|---|---|---|
| Dewey Decimal Classification | Baccah | Central Library | Central Library | First floor | 07/12/2011 | 2 | 620.166 MET | 000025803 | 15/07/2025 | 17/12/2012 | NB - Book (Non borrowing) |